000 01312cam a22003015a 4500
001 18278492
005 20180514140257.0
008 140825t2014 gw a frb 001 0 eng d
020 _a9783319099668
040 _aDLC
_beng
_cDLC
_dDLC
_dEG-ScBUE
082 0 4 _222
_a004.618
_bLAN
245 0 0 _aLanguages and compilers for parallel computing :
_b26th International Workshop, LCPC 2013, September 25--27, 2013, San Jose, CA, USA. Revised Selected Papers /
_c[edited by] Calin Cascaval, Pablo Montesinos-Ortego.
250 _a1st ed.
260 _aCham :
_bSpringer,
_cc.2014.
300 _axxiv, 356 p. :
_bill. ;
_c24 cm.
490 0 _aLecture notes in computer science ;
_v8664
504 _aIncludes bibliographical references and index.
650 7 _2BUEsh
_aParallel processing (Electronic computers)
_vCongresses.
650 7 _2BUEsh
_aParallelizing compilers
_vCongresses.
650 7 _2BUEsh
_aParallel programming (Computer science)
_vCongresses
651 _2BUEsh
653 _bCOMSCI
_cMay2018
700 1 _aCaşcaval, Călin,
_eeditor.
700 1 _aMontesinos, Pablo
_eeditor.
856 4 2 _3Publisher description
_uhttp://www.loc.gov/catdir/enhancements/fy1501/2014949396-d.html
856 4 1 _3Table of contents only
_uhttp://www.loc.gov/catdir/enhancements/fy1501/2014949396-t.html
942 _2ddc
999 _c26721
_d26693